Η διαμάχη για την κβαντική θεωρία

Αποθηκεύτηκε σε:
Λεπτομέρειες βιβλιογραφικής εγγραφής
Κύριος συγγραφέας: Selleri, Franco
Άλλοι συγγραφείς: Ταμπάκης, Νίκος Α. (Μεταφραστής)
Μορφή: Βιβλίο
Γλώσσα:Greek
Δημοσίευση: Αθήνα : Gutenberg, 1986.
Σειρά:Επιστημολογία ; ; 1
Θέματα:
Ετικέτες: Προσθήκη ετικέτας
Δεν υπάρχουν, Καταχωρήστε ετικέτα πρώτοι!

MARC

LEADER 00000cam a2200000 i 4500
001 1/47786
008 941103s1986 gr ||| | gre||
035 |a 1988  |l 10043156 
040 |a GR-MyUA  |b gre  |e AACR2 
041 1 |a gre 
082 0 |a 530.12 
100 1 |a Selleri, Franco. 
245 1 2 |a Η διαμάχη για την κβαντική θεωρία /   |c Franco Selleri ; μετάφραση Νίκος Ταμπάκης.  
260 |a Αθήνα :   |b Gutenberg,   |c 1986. 
300 |a 251 σ. ;   |c 22 εκ.  
490 1 |a (Επιστημολογία   |v ; 1) 
650 0 0 |a Quantum theory. 
700 1 |a Ταμπάκης, Νίκος Α.  |e trl 
830 0 |a Επιστημολογία ;  |v ; 1 
852 |a INST  |b SAMOS  |e 19941103  |h 530.12 SEL  |p 005300000941  |q 005300000941  |t BK  |y 0 
909 |a Σ  |b 011450